000
00179 a2200097 4500
020
_a
0922852294
041
_a
spa
100
_a
Sanchez, Ricardo
245
_a
Animales
942
_c
BK
999
_c
27997
_d
27997